The direction of central loans to state / (Record no. 76136)

MARC details
000 -LEADER
fixed length control field 00602nam a22001937a 4500
005 - DATE AND TIME OF LATEST TRANSACTION
control field 20130605125838.0
010 ## - LCCN (DPL NO)
LC control number ENG-107399
020 ## - INTERNATIONAL STANDARD BOOK NUMBER
International Standard Book Number 9789381632574
Terms of availability 700.00
035 ## - SYSTEM CONTROL NUMBER
System control number EN-90932
037 ## - SOURCE OF ACQUISITION
Source of stock number/acquisition DBAD/PUB
082 ## - DEWEY DECIMAL CLASSIFICATION NUMBER
Classification number 332.110954
100 ## - MAIN ENTRY--PERSONAL NAME
Personal name Ajay Kumar
245 ## - TITLE STATEMENT
Title The direction of central loans to state /
Statement of responsibility, etc by Ajay kumar
260 ## - PUBLICATION, DISTRIBUTION, ETC. (IMPRINT)
Place of publication, distribution, etc New Delhi
Name of publisher, distributor, etc Satyam Publishing House
Date of publication, distribution, etc 2013
270 ## - ADDRESS
Address N-3/25, Mohan Garden, Uttam Nagar
City New Delhi
Postal code 110059
300 ## - PHYSICAL DESCRIPTION
Extent ix,305p.
Dimensions 23cm(Hb)
500 ## - GENERAL NOTE
General note Includes bibliographical references
942 ## - ADDED ENTRY ELEMENTS (KOHA)
Source of classification or shelving scheme Dewey Decimal Classification
Item type English Books
Call number suffix AJA
Classification part 332.110954
Holdings
Withdrawn status Lost status Not for loan Collection code Home library Current library Date acquired Source of acquisition Cost, normal purchase price Full call number Barcode Copy number Cost, replacement price Koha item type
    Not For Loan Non-fiction D.B.Act.Division D.B.Act.Division 27/05/2013 DBAD/PUB 700.00 332.110954 AJA EN-90932 1 700.00 English Books

© Delhi Public Library
Hit Counter
free hit counter